000 00521cam a2200193ua 4500
001 20130
008 191120n II |||gr||||Z||||||asm
040 _aMAIN
041 _aEnglish
041 _aasm
082 _a370 HAZ
100 _aHAZARIKA, DULUMONI GOGOI.
245 _aBISWAR PREKHYAPATAT SIKHYA (Education in World Perspective) BA-Political Science--6th Semester--13th Paper)
250 _a1ST.
260 _aDHEMAJI
_bKIRAN PRAKASHAN
_c2014.
300 _a294:
_c22CM.
653 _aEducation
942 _cBK
999 _c19992
_d19992